000 00515nab a2200145Ia 4500
003 ES-SlBCS
005 20210601133744.0
008 140529s1994 xxu||||| |||| 00| 0 por d
041 _apor
100 1 _aBarreiro, Águida Celina de Méo
_9209272
245 0 0 _aPsicologia da educaçao nas licenciaturas em Fisia, Química e Mateática
_c Águida Celina de Méo Barreiro
650 0 4 _aPsicología de la Educación
_999137
773 0 _tEducaçao e Filosofia
_gvol. 8, nº. 5, 1994, págs. 83-87
_wRev1534
942 _cAR
999 _c601604
_d601604